000 01093nam a2200289 i 4500
005 20210818182023.0
008 s2017 ck ade grf 001 0dspa d
020 _a9789588859439
040 _aCOMFC
_bspa
_erda
100 1 _950289
_aGranada Echeverri, Mauricio
_eaut
245 1 0 _aOptimización combinatoria
_bde la teoría a la práctica
_cMauricio Granada Echeverri, Jhon Jairo Santa Chávez
264 0 1 _aPereira
_bUniversidad Libre Seccional Pereira
_c2017
300 _a221 páginas
_bilustraciones, gráficas, diagramas, planos
336 _2rdacontent
_atxt
337 _2rdamedia
_an
338 _2rdacarrier
_anc
500 _aIncluye índice
500 _aIncluye datos biográficos del autor
504 _aIncluye referencias bibliográficas
700 1 _953056
_aSanta Chávez, Jhon Jairo
_eaut
082 0 4 _a005.1
_bG748o
650 0 _953057
_aProblemas y Codificación
650 0 _953058
_aMetaheurística
650 0 _912342
_aAlgoritmos
650 0 _98612
_aSistema Decimal de Codificacion Binaria
942 _2ddc
_h005.1 G748o
_k005.1
_mG748o
999 _c13783
_d13783